00750nam a2200241Ia 45000010006000000050017000060070003000230080041000260200018000670400024000850410008001090820025001171000020001422450088001622500013002502600040002633000010003036530021003136530012003349420012003469520133003589990017004915364420240114005352.0ta110216s2006 g b000 u hin u a81-902314-4-8 aCottonCollege,Assam ahin a891.43209bBe 468 Sa aBewle, Asaram . 0aSamakalin Hindi Natkon Mein Nari Ke Vividh Roop /cAsaram Bewle.hTextual Documents aIst ed / aKanpur :bSamata Prakashan ,c2006. c23cm. aHindi Literature aG-Hindi 2ddccBK 001040708CVirculation-GaSKBLbSKBLd2012-02-01f00000l0o891.43209 Be 468 Sap92009r2024-01-14 00:00:00t1w2012-02-01yBK c53607d53607